Loading...
A global history of indigenous peoples: struggle and survival
| Main Author: | |
|---|---|
| Format: | Printed Book |
| Published: |
New York, Palgrave
2004
|
| Subjects: |
| LEADER | 004380000a22001330004500 | ||
|---|---|---|---|
| 082 | |a 300 P4 | ||
| 100 | |a Coates, Ken S |f Author | ||
| 245 | |a A global history of indigenous peoples: struggle and survival | ||
| 260 | |a New York, Palgrave | ||
| 260 | |c 2004 | ||
| 650 | |a Indigenous people | ||
| 942 | |c BK | ||
| 999 | |c 141012 |d 141008 | ||
| 952 | |0 0 |1 0 |4 0 |6 300_000000000000000_P4 |7 0 |9 139795 |a SIRP |b SIRP |d 2017-10-05 |l 0 |o 300 P4 |p SIRP04817 |r 2017-10-05 |w 2017-10-05 |y BK | ||